Những khám phá về hoàng đế Quang Trung

Nghiên cứu cuộc đời, sự nghiệp của vua Quang Trung, vén các bức mành bí mật về các con, các bà vợ và lăng mộ của ông ở Huế, đặc biệt về nghệ thuật dùng binh và tài thao lược của ông trên các chiến trường Gia Định, Phú Xuân, Thăng Long...

Cur síos iomlán

Đã lưu trong:
Sonraí Bibleagrafaíochta
Príomhúdar: Đỗ, Bang
Formáid: Leabhar
Teanga:Undetermined
Foilsithe: H. Tri thức 2017
Ábhair:
Rochtain Ar Líne:http://lrc.tdmu.edu.vn/opac/search/detail.asp?aID=2&ID=32936
Clibeanna: Cuir Clib Leis
Gan Chlibeanna, Bí ar an gcéad duine leis an taifead seo a chlibeáil!
Thư viện lưu trữ: Trung tâm Học liệu Trường Đại học Thủ Dầu Một
LEADER 01126nam a2200205Ia 4500
001 TDMU_32936
008 210410s9999 xx 000 0 und d
082 |a 813.54 
090 |b Đ450 
100 |a Đỗ, Bang 
245 0 |a Những khám phá về hoàng đế Quang Trung 
245 0 |c Đỗ Bang 
260 |a H. 
260 |b Tri thức 
260 |c 2017 
300 |a 258 tr 
520 |a Nghiên cứu cuộc đời, sự nghiệp của vua Quang Trung, vén các bức mành bí mật về các con, các bà vợ và lăng mộ của ông ở Huế, đặc biệt về nghệ thuật dùng binh và tài thao lược của ông trên các chiến trường Gia Định, Phú Xuân, Thăng Long; TM tài liệu tham khảo tr. 253 - 256 
650 |a Nguyễn Huệ  |c Vua  |d 1753 - 1792; Nhân vật lịch sử  |x Tiểu sử  |x Vua Quang Trung  |x Cuộc đời  |x Sự nghiệp 
856 |u http://lrc.tdmu.edu.vn/opac/search/detail.asp?aID=2&ID=32936 
980 |a Trung tâm Học liệu Trường Đại học Thủ Dầu Một